00425 2200181 4500001002100000005001500021008004100036020002200077035001900099041000700118082000800125090001400133100001800147245002000165260001700185300002000202650002100222INLIS00000000000331620241224112712241224||||||||| | ||| |||| || |  a978-979-8003-17-2 0010-1224003316 aid0 a820 a820 ORC k0 aEmmuska Orczy00aKembang Beureum bKiblatc2014 a173 hlm.; 20 cm 0aIlmu Kesusatraan